Discographie de Muse (1999-2022) - Statistiques

Statistiques générales
  • Ce quiz a été pris 436 fois
  • Le résultat moyen est 51 sur 109
Statistiques - réponses
Réponse % Correct
Starlight
83%
Resistance
82%
Hysteria
81%
Supermassive Black Hole
79%
Uprising
79%
Plug in Baby
77%
Showbiz
77%
New Born
75%
Muscle Museum
73%
Madness
71%
Psycho
71%
Time is Running Out
70%
Drones
69%
Will Of The People
69%
Bliss
68%
Knights of Cydonia
67%
Sunburn
67%
Supremacy
63%
Feeling Good
62%
Sing for Absolution
60%
Panic Station
58%
Animals
57%
Stockholm Syndrome
57%
Pressure
56%
Undisclosed Desires
56%
Compliance
55%
Unintended
55%
Uno
55%
Intro
52%
Map of the Problematique
52%
Reapers
52%
The Handler
52%
Dead Inside
51%
We Are Fucking Fucked
51%
Butterflies & Hurricanes
50%
Exogenesis: Symphony Part II (Cross Pollination)
50%
Exogenesis: Symphony Part III (Redemption)
50%
Exogenesis: Symphony Part I (Overture)
50%
Megalomania
50%
Verona
50%
Apocalypse Please
49%
Cave
49%
Kill Or Be Killed
49%
MK Ultra
49%
Citizen Erased
48%
Follow Me
48%
Space Dementia
48%
You Make Me Feel Like It's Halloween
48%
Filip
47%
United States of Eurasia (+Collateral Damage)
47%
Won't Stand Down
47%
I Belong to You(+Mon cœur s'Ouvre à Ta Voix)
46%
Interlude
46%
Survival
46%
Take a Bow
46%
The 2nd Law: Isolated System
46%
The 2nd Law: Unsustainable
45%
Unnatural Selection
45%
Ghosts (How Can I Move On)
44%
Thought Contagion
44%
Euphoria
43%
Mercy
43%
Assassin
42%
Micro Cuts
42%
Darkshines
41%
Hyper Music
40%
(JFK)
40%
Soldier's Poem
40%
The Dark Side
40%
Algorithm
39%
Fury
39%
Invincible
39%
Guiding LIght
38%
Blackout
37%
Dig Down
37%
Falling Away with You
37%
Big Freeze
36%
Exo-Politics
36%
Futurism
36%
Hoodoo
36%
Liberation
36%
Save Me
36%
Sober
36%
The Globalist
36%
The Small Print
36%
The Void
36%
(Drill Sergeant)
35%
Endlessly
35%
Liquid State
35%
Propaganda
35%
Thoughts of a Dying Atheist
35%
Explorers
34%
Falling Down
34%
Something Human
34%
Aftermath
33%
CIty of Delusion
33%
Hate This and I'll Love You
32%
Defector
31%
Break It to Me
29%
Prelude
29%
Screenager
29%
Get up and Fight
28%
Overdue
28%
Revolt
28%
Blockades
26%
Glorious
25%
Ruled by Secrecy
25%
Spiral Static
24%
Escape
21%
Aucun quiz correspondant
Distribution des résultats
% des personnes avec chaque résultat
Percentile par nombre de réponses
Votre historique - résultats
Vous n’avez pas pris ce quiz